LEADER 01155nam a2200289 u 4500 001 000000105911 003 CaOOAMICUS 005 20070628170655.0 008 070628s2005 it u000 0 ita u 020 $a88-8107-212-2 040 $aPUL$bita$dPUL$dES 100 1 $aVolpe, Giorgio.$0(OLS)http://pul/name/65057 245 10$aTeorie della veritą /$cGiorgio Volpe. 260 $aMilano :$bGuerini e associati,$cc2005. 300 $a383 p. ;$c21 cm 490 1 $aOrientarsi nel pensiero ;$v20 500 $aIndice p. 377-383 504 $aContiene riferimenti bibliografici 650 4$aVeritą.$0(OLS)http://pul/subject/673 650 4$aTeoria della conoscenza.$0(OLS)http://pul/subject/449 830 0$aOrientarsi nel pensiero ;$v20.$0(OLS)http://pul/title/83965 850 $aPUL 852 $aPUL$W1$xSL Filosofia 3$y81$m121 VOLGI 1$j121765$qDDC 21$B118752$CPULBib$Z2$F118752 $H103399 $82 941 1 $a9 996 $6020$a88-8107-212-2$9(OLS)http://pul/number/135079 996 $6245$aTeorie della veritą$9(OLS)http://pul/title/133330 996 $6260$aMilano :$bGuerini e associati$9(OLS)http://pul/publisher/54431 LEADER 01609nam a2200337 a 4500 001 000000149424 003 CaOOAMICUS 005 20160216131652.0 008 160216s2015 it a u000 u ita r 020 $a978-88-430-7846-2* 032 $aLibriCat 040 $aPUL$bita 082 04$a262.52 100 1 $aBuffon, Giuseppe,$co.f.m.,$d1963-$0(OLS)http://pul/name/95279 245 13$aLa Chiesa nello specchio del mondo :$bil Concilio Vaticano II nella visione del Centro pastorale per le missioni interne (1950-70) /$cGiuseppe Buffon. 260 $aRoma :$bCarocci,$c©2015. 300 $a350 p. :$bill. ;$c22 cm. 490 1 $aStudi storici ;$v247 500 $aInclude indice. 504 $aBibliografia in nota. 611 24$aConcilium Vaticanum$n(2 :$d1962-1965)$xStudi.$0(OLS)http://pul/subject/18479 830 0$aStudi storici (Carocci) ;$v247.$0(OLS)http://pul/title/102406 850 $aPUL 852 $aPUL$W1$xFondo C.V.II$y119$mSTO GEN 67$j176859$qFondi$B179829$CPULBib$Z2$F179829 $HCVII174 $81 852 $aPUL$W1$xSL Religione 3$y85$m262. 52 BUFGI 1$j172069$qDDC 21$B173690$CPULBib$Z2$F173690 $H127140 $81 941 1 $a9 996 $6020$a978-88-430-7846-2*$9(OLS)http://pul/number/159702 996 $6082$a262.52$9(OLS)http://pul/classification/356 996 $6245$aLa Chiesa nello specchio del mondo :$bil Concilio Vaticano II nella visione del Centro pastorale per le missioni interne (1950-70)$9(OLS)http://pul/title/188390 996 $6260$aRoma :$bCarocci$9(OLS)http://pul/publisher/66917